00570nam a2200181Ia 4500008004100000020001500041041001200056082001600068100001400084245004500098250000800143260002500151300000800176650001200184942000700196999001500203952017000218221030s9999 xx 000 0 und d a0074630393 aEnglish a105.23bBei aA. Beiser 0aConcepts Of Modern Physicscby A. Beiser a5th bTMHaNew Delhic2002 a534 aPhysics cBK c8341d8341 pBE 6674g245.00l0o105.23 Beir2024-06-13 00:00:00w2022-10-30yBK003Print4070aMIETLIBbMIETLIBcBL-Academic Block C, FL-2, CUP-8, SH-4, R-4d2003-04-2810HBE